Lord of the Rings Trivia - Statistics

General Stats
  • This quiz has been taken 302 times
  • The average score is 7 of 15
Answer Stats
Hint Answer % Correct
Who was the first dark lord? Morgoth
94%
How many Palantiri were there originally? 7
83%
What wizard has the name Olorin? Gandalf
83%
Who is the creator of all? Eru Iluvatar
67%
What is the name of the mother of Shelob? Ungoliant
59%
Who is the king of the Valar? Manwe
49%
What was the name of the secret elven city founded by Turgon? Gondolin
46%
Who was the leader of the Balrogs? Gothmog
45%
Who was the elven king that challenged ^ to a duel? Fingolfin
40%
What was the name of the largest dragon ever? Ancalagon the Black
39%
Which Nazgul is the only one whose original name is still known? Khamul
33%
Who is the strongest of the Valar? Tulkas
31%
What was Saurons name when he was at Eregion? Annatar
28%
What is the region in southern Harad called? Far Harad
13%
Who is mightiest warrior in all of Arda? Eonwe
7%
No matching quizzes found
Score Distribution
Percent of People with Each Score
Percentile by Number Answered
Your Score History
You have not taken this quiz